000 00782 a2200241 4500
003 Nust
005 20221124134241.0
010 _a 2009048692
020 _a8129701057
040 _cNust
082 0 0 _a515.819, ROY
100 1 _aH.L. Royden
_9103511
245 1 0 _aReal analysis /
_cH.L. Royden.
250 _a3rd ed.
260 _aUpper Saddle River, NJ :
_bPearson Prentice Hall,
_c1988
300 _axvii, 444 p
505 _aPART-1: Theory of Functions of a Real Variable (Page-31), PART-2: Abstract Spaces (Page-139), PART-3: General Measure and Integration Theory (Page-253) .
650 0 _aFunctional analysis.
_939212
650 0 _aFunctions of real variables.
_935586
650 0 _aMeasure theory.
_9102867
700 1 _aRoyden, H. L.
_9103512
942 _2ddc
_cBK
999 _c182054
_d182054